000 00978nam a22001817a 4500
005 20260125094625.0
008 260125b ||||| |||| 00| 0 eng d
020 _a9847014502394
040 _aBD-DhBCSAA
_cBD-DhBCSAA
_dBD-DhBCSAA
_eBD-DhBCSAA
082 _2১ম
_a৯৫৪.৯২০৫
_b শহক
100 _aশাহাব, মেজর (অব.) আগা. এইচ. আমিন কুদরত উল্লাহ
_929079
245 _aইন দ্য করিডোর অব পাওয়ার ফ্রম পাকিস্তান টু বাংলাদেশ /
_bমেজর (অব.) আগা. এইচ. আমিন , শাহরীয়ার শরীফ (অনুবাদক)
260 _a ঢাকা;
_bকথা সম্ভার;
_c২০২৩
300 _a৬৩প
_c২২সেমি
590 _asiraj
650 _a বিদেশিদের চোখে মুক্তিযুদ্ধ
_929080
942 _2ddc
_cBK
999 _c21638
_d21636